Encountering urban places (Record no. 35685)
[ view plain ]
| 000 -LEADER | |
|---|---|
| fixed length control field | 01478nam a2200373Ia 4500 |
| 245 00 - TITLE STATEMENT | |
| Title | Encountering urban places |
| 260 ## - PUBLICATION, DISTRIBUTION, ETC. (IMPRINT) | |
| Place of publication | Aldershot, England ; |
| -- | Burlington, VT : |
| Name of publisher | Ashgate, |
| Year of publication | c2007. |
| 300 ## - PHYSICAL DESCRIPTION | |
| Number of Pages | xii, 190 p. : |
| Other physical details | ill. |
| 490 1# - SERIES STATEMENT | |
| Series statement | Re-materialising cultural geography |
| 650 #0 - SUBJECT ADDED ENTRY--TOPICAL TERM | |
| Topical Term | Aesthetics. |
| Topical Term | Cities and towns |
| Topical Term | Group identity. |
| Topical Term | Public spaces |
| Topical Term | Spatial behavior. |
| 700 1# - ADDED ENTRY--PERSONAL NAME | |
| Personal name | Frers, Lars. |
| Personal name | Meier, Lars. |
| 856 40 - ELECTRONIC LOCATION AND ACCESS | |
| Uniform Resource Identifier | http://site.ebrary.com/lib/rucke/Doc?id=10250448 |
No items available.
